El cielo a tus pies, o, el mar a tus ojos / (Registro nro. 4602)
[ vista simple ]
| 000 -LEADER | |
|---|---|
| fixed length control field | 01346nam a2200241Ia 4500 |
| 003 - CONTROL NUMBER IDENTIFIER | |
| control field | OSt |
| 005 - DATE AND TIME OF LATEST TRANSACTION | |
| control field | 20250416092421.0 |
| 008 - FIXED-LENGTH DATA ELEMENTS--GENERAL INFORMATION | |
| fixed length control field | 191128s2005 ck a gr 000 f spa d |
| 020 ## - INTERNATIONAL STANDARD BOOK NUMBER | |
| International Standard Book Number | 9583385379 |
| 040 ## - CATALOGING SOURCE | |
| Original cataloging agency | CO-JMCR |
| Transcribing agency | CO-JMCR |
| 041 0# - LANGUAGE CODE | |
| Language code of text/sound track or separate title | spa |
| 082 ## - DEWEY DECIMAL CLASSIFICATION NUMBER | |
| Classification number | A-N |
| Item number | MENc |
| 100 1# - MAIN ENTRY--PERSONAL NAME | |
| Personal name | Méndez Sandoval, Iván, |
| 9 (RLIN) | 102 |
| Relator term | autor |
| 245 10 - TITLE STATEMENT | |
| Title | El cielo a tus pies, o, el mar a tus ojos / |
| Statement of responsibility, etc. | Iván Méndez Sandoval |
| 260 ## - PUBLICATION, DISTRIBUTION, ETC. | |
| Place of publication, distribution, etc. | Bogotá : |
| Name of publisher, distributor, etc. | Editorial Ilvana, |
| Date of publication, distribution, etc. | 2005 |
| 300 ## - PHYSICAL DESCRIPTION | |
| Extent | 139 páginas : |
| Other physical details | ilustraciones a blanco y negro ; |
| Dimensions | 21 cm. |
| 500 ## - GENERAL NOTE | |
| General note | Incluye datos biográficos del autor en solapa. |
| 505 0# - FORMATTED CONTENTS NOTE | |
| Formatted contents note | La estación -- Ecos del cielo -- Estrellamares y salmones -- Navegante y aventurero -- Las señoras de piedras -- Penumbras de la noche -- Apuntes de clase -- Pirata de tierra |
| 520 ## - SUMMARY, ETC. | |
| Summary, etc. | "Tonino imagina el mar, y daría lo que fuera por tenerlo a sus pies. Sus padres, Arenque y Roraima, harán lo que esté en sus manos para conseguirlo, pero enfrentan obstáculos difíciles de salvar. En medio de la abrumadora realidad cotidiana, la imaginación y la fascinación de las palabras son el único camino a nuestro alcance para ir más allá y rescatar ese niño interior, esos sueños acariciados, esas vidas posibles que llevamos dentro" |
| 650 14 - SUBJECT ADDED ENTRY--TOPICAL TERM | |
| Topical term or geographic name entry element | Novela Colombiana |
| 9 (RLIN) | 25 |
| 650 14 - SUBJECT ADDED ENTRY--TOPICAL TERM | |
| Topical term or geographic name entry element | Novela amorosa |
| 9 (RLIN) | 184 |
| 942 ## - ADDED ENTRY ELEMENTS (KOHA) | |
| Source of classification or shelving scheme | Dewey Decimal Classification |
| Koha item type | Books |
| Withdrawn status | Lost status | Source of classification or shelving scheme | Damaged status | Not for loan | Home library | Current library | Date acquired | Total Checkouts | Full call number | Barcode | Date last seen | Date last checked out | Copy number | Price effective from | Koha item type |
|---|---|---|---|---|---|---|---|---|---|---|---|---|---|---|---|
| Dewey Decimal Classification | Biblioteca Pública José María del Castillo y Rada | Biblioteca Pública José María del Castillo y Rada | 11/28/2019 | 2 | A-N MENc | 201809618 | 09/18/2025 | 09/17/2025 | Ej.1 | 11/28/2019 | Books |